00000000nam 2200000zi 4500
0019.945427
003CaOODSP
00520241121143855
006m     o  d f      
007cr cn|||||||||
008241121s1982    onc     o    f000 0 fre d
040 |aCaOODSP|bfre|erda|cCaOODSP
043 |an-cn---|acl-----
0861 |aC23-309/1982F-PDF
24500|aRenseignements aux exportateurs : |ble marché latino-américain de l'après-vente automobile.
264 1|aOttawa (Ontario) : |bDivision des pièces d'automobile, Direction des industries de transport, Ministère de l'Industrie et du Commerce, |c[1982]
300 |a1 ressource en ligne (31 pages)
336 |atexte|btxt|2rdacontent/fre
337 |ainformatique|bc|2rdamedia/fre
338 |aressource en ligne|bcr|2rdacarrier/fre
500 |aPublié aussi en anglais sous le titre : Export information : Latin American automotive aftermarket.
500 |aÉdition numérisée de l'imprimé [par Innovation, sciences et développement économique Canada].
650 6|aAutomobiles|xÉquipement|xIndustrie|zCanada.
650 6|aAutomobiles|xÉquipement|xIndustrie|zAmérique latine.
7101 |aCanada. |bMinistère de l'industrie et du commerce, |eorganisme de publication.
77508|tExport information : |w(CaOODSP)9.934136
85640|qPDF|s731 Ko|uhttps://publications.gc.ca/collections/collection_2024/isde-ised/c23/C23-309-1982-fra.pdf